Theatre through the camera eye : the poetics of an intermedial encounter /

Bibliographic Details
Main Author: Sava, Laura (Author)
Format: Book
Language:English
Published: Edinburgh : Edinburgh University Press, [2019]
Series:Edinburgh studies in film and intermediality.
Subjects:

MARC

Tag First Indicator Second Indicator Subfields
LEADER 00000cam a2200000Ii 4500
001 in00004152016
008 160510s2019 stka b 001 0 eng d
005 20250318213121.2
020 |a 9780748697472 
020 |a 0748697470  |q hardback 
035 |a (OCoLC)ocn949327569 
035 |a (OCoLC)949327569 
040 |a YDXCP  |b eng  |e rda  |c YDXCP  |d OCLCQ  |d YDXIT  |d OCLCO  |d UKMGB  |d OCLCF  |d CDX 
050 4 |a PN1995.9.T48  |b S38 2019 
082 0 4 |a 791.43/6  |2 23 
100 1 |a Sava, Laura,  |e author. 
245 1 0 |a Theatre through the camera eye :  |b the poetics of an intermedial encounter /  |c Laura Sava. 
264 1 |a Edinburgh :  |b Edinburgh University Press,  |c [2019] 
300 |a x, 238 pages :  |b illustrations ;  |c 24 cm. 
336 |a text  |b txt  |2 rdacontent 
336 |a still image  |b sti  |2 rdacontent 
337 |a unmediated  |b n  |2 rdamedia 
338 |a volume  |b nc  |2 rdacarrier 
490 1 |a Edinburgh Studies in Film and Intermediality 
504 |a Includes bibliographical references and index. 
650 0 |a Theater in motion pictures. 
650 7 |a Theater in motion pictures.  |2 fast  |0 (OCoLC)fst01904914 
830 0 |a Edinburgh studies in film and intermediality. 
852 8 |b pda,print  |z This title is available for the library to purchase for your use. Click the "Purchase It For Me" button to place a request. This item may take 5-10 business days to arrive. 
955 |a Print PDA title 
999 f f |s 91c95738-0262-4a11-b518-410db3e07b30  |i 42455838-b361-3405-a84e-413b04694b83  |t 0 
952 f f |a Texas A&M University  |b College Station  |c Sterling C. Evans Library  |d Purchase on Demand  |t 0  |e PN1995.9.T48 S38 2019  |h Library of Congress classification 
998 f f |a PN1995.9.T48 S38 2019  |t 0  |l Purchase on Demand